00662cam a2200217 4500001001300000003000400013005001700017008004100034010001700075025002000092040001800112050001900130082002100149110011200170245004800282260002100330300001800351500001700369650004100386999001700427sa 68013698 DLC20260227112624.0691210s1964 ii 000 0 eng  asa 68013698  aPL480:I-E-10771 aDLCcDLCdDLC00aHD879.M444bA500a354.54/792/008231 aMaharashtra, India (State).bPanel on Land Administration, Land Records, Land Acquisition and Land Reforms.00aReport of the panel on land administration. a[Bombay?c1964?] a27 p.c31 cm. aCover title. 0aLand usezIndiazMaharashtra (State) c85269d85269